Bytový dom
Guardado en:
| Autor principal: | |
|---|---|
| Otros Autores: | |
| Formato: | Manuscrito Libro |
| Lenguaje: | eslovaco |
| Publicado: |
2023
|
| Materias: | |
| Acceso en línea: | http://is.stuba.sk/zp/portal_zp.pl?podrobnosti=179137 https://opac.crzp.sk/?fn=detailBiblioForm&sid=30EAE6FD1E2AFEEA11CFA11C8F40 |
| Etiquetas: |
Sin Etiquetas, Sea el primero en etiquetar este registro!
|
MARC
| LEADER | 00000ntm a22000003a 4500 | ||
|---|---|---|---|
| 001 | stuzp93694 | ||
| 003 | SK-STU | ||
| 005 | 20230921084303.9 | ||
| 007 | ta | ||
| 008 | 150427s2015----xo-----f-mn---000-0-slo-d | ||
| 040 | |a STU |b slo | ||
| 041 | 0 | |a slo | |
| 100 | 1 | |a Plottová, Kristína |u 010180 |4 aut |U SvF Stavebná fakulta |T SvF Katedra konštrukcií pozemných stavieb |X 93067 |U V180 |Y 18 |7 93067 | |
| 242 | 0 | 1 | |a Residence house |y eng |
| 245 | 1 | 0 | |a Bytový dom |
| 260 | |c 2023 | ||
| 650 | 4 | |a základová doska |2 slo | |
| 650 | 4 | |a železobetónové steny |2 slo | |
| 650 | 4 | |a bytový dom |2 slo | |
| 650 | 4 | |a foundation slab |2 eng | |
| 650 | 4 | |a concrete walls |2 eng | |
| 650 | 4 | |a apartment house |2 eng | |
| 700 | 1 | |a Dlhý, Dušan |u 010180 |k Z1 |4 ths |U SvF Stavebná fakulta |T SvF Katedra konštrukcií pozemných stavieb |X 712 |U V180 |Y 18 |7 A000000712 | |
| 856 | 4 | |u http://is.stuba.sk/zp/portal_zp.pl?podrobnosti=179137 | |
| 856 | 4 | |u https://opac.crzp.sk/?fn=detailBiblioForm&sid=30EAE6FD1E2AFEEA11CFA11C8F40 | |